| 000 | 00332nam a2200109Ia 4500 | ||
|---|---|---|---|
| 008 | 200302s9999 xx 000 0 und d | ||
| 100 | _aSakarama Somayaji | ||
| 245 | _aEnvironmental Concerns and Sustainable Development Some Perspectives from India | ||
| 260 | _bThe Energy and Resources Institute | ||
| 260 | _c2011 | ||
| 300 | _a337 P., | ||
| 999 |
_c5764 _d5764 |
||